Представление документа в формате MARC21

Поле Инд. ПП Название Значение
Тип записи a
Библиографический уровень a
001 Контрольный номер a5377109dc274fb2ad201cd4717384b3
005 Дата корректировки 20160901093550.0
020 a ISBN 978-5-98704-370-0
040 a Служба первич. каталог. НБ ТвГУ
b Код языка каталог. rus
e Правила каталог. PSBO
041 0_ a Код языка текста rus
097 b Оператор batjaeva_g
100 1_ a Автор Грановский Юрий Васильевич
q Полное имя Грановский Ю. В.
245 10 a Заглавие Готова ли российская наука дать ответ на новый вызов?
260 a Место издания Москва
b Издательство Логос
504 a Библиография Библиогр.: с. 132-135 (56 назв.)
520 0_ a Аннотация На основании полученных количественных оценок и их интерпретации мы даем такой ответ. Пока в экономике страны господствует АСП, у отечественной науки нет надежды на успешное решение новых проблем. Только соблюдение базовых принципов демократии дает шанс на положительный ответ.
653 0_ a Ключевые слова Российская наука
a Ключевые слова Современная отечественная наука
a Ключевые слова Глобалистика
a Ключевые слова Источники информации
a Ключевые слова Научные достижения
773 18 w Контрольный № источника RU/IS/BASE/317462566
t Название источника Наука в условиях глобализации
d Место и дата издания Москва : Логос, 2009
g Прочая информация С. 109-135 (56 назв.)
901 t Тип документа a
920 a Оператор Батя